[Event "25. Copenhagen Open  (Politiken Cup)"]
[Site "Copenhagen"]
[Date "2003.07.17"]
[Round "4"]
[White "Schjelderup, Nils-Jakob"]
[Black "Mortensen, Henrik"]
[Result "0-1"]
[WhiteElo "1587"]
[BlackElo "2027"]
[PlyCount "81"]
[EventDate "2003.07.14"]
[EventType "swiss"]
[EventRounds "11"]
[EventCountry "DEN"]
[SourceDate "2004.01.01"]

1. e4 c5 2. Nf3 Nc6 3. d4 cxd4 4. Nxd4 Nf6 5. Nc3 e5 6. Ndb5 d6 7. Bg5 a6 8.
Na3 b5 9. Bxf6 gxf6 10. Nd5 f5 11. Bd3 Be6 12. Qh5 Bg7 13. O-O f4 14. c4 b4 15.
Nc2 a5 16. b3 O-O 17. Rfd1 Kh8 18. a3 bxa3 19. Rxa3 Rb8 20. Rb1 Rg8 21. b4 axb4
22. Ndxb4 Nxb4 23. Nxb4 Bf8 24. Nd5 Rxb1+ 25. Bxb1 Rg6 26. Qd1 Bg4 27. Qa4 Qg5
28. Kf1 f3 29. gxf3 Bh3+ 30. Ke2 Qc1 31. Ne3 Qxb1 32. Rb3 Qg1 33. Qe8 Rg8 34.
Qxf7 Qg6 35. Qc7 Rg7 36. Qd8 Rf7 37. Rb8 Qh5 38. Qxd6 Qxf3+ 39. Kd3 Rd7 40.
Rxf8+ Qxf8 41. Qxd7 0-1

[Event "25. Copenhagen Open  (Politiken Cup)"]
[Site "Copenhagen"]
[Date "2003.07.17"]
[Round "4"]
[White "Schmidt, Horst Hubert"]
[Black "Gregusson, Magnus Albert"]
[Result "1-0"]
[WhiteElo "1870"]
[BlackElo "1500"]
[PlyCount "145"]
[EventDate "2003.07.14"]
[EventType "swiss"]
[EventRounds "11"]
[EventCountry "DEN"]
[SourceDate "2004.01.01"]

1. e4 e5 2. c3 d5 3. exd5 Qxd5 4. Nf3 Bf5 5. Be2 Nc6 6. O-O Bc5 7. b4 Bd6 8.
Na3 Bd3 9. c4 Bxe2 10. Qxe2 Qe6 11. c5 Be7 12. Nb5 O-O-O 13. Bb2 a6 14. Nc3
Nxb4 15. Qxe5 Nd3 16. Qxe6+ fxe6 17. Ba3 Nh6 18. Ne4 Rd5 19. Rab1 Bxc5 20. Bxc5
Nxc5 21. Nc3 Rd3 22. Rfc1 b6 23. a4 Nf5 24. a5 Kb7 25. Ne2 Nb3 26. Rc2 Nxa5 27.
Nf4 Rd6 28. Ne5 Rf8 29. Ra2 Ka7 30. Rc1 c5 31. Kf1 g5 32. Ne2 Nd4 33. Nc3 Rf5
34. Ne4 Rd8 35. Ng4 Nac6 36. Ne3 Re5 37. Nf6 h6 38. Nfg4 Nb4 39. Ra3 Nb5 40.
Rb3 Re4 41. f3 Red4 42. Nc4 h5 43. Nge5 g4 44. fxg4 hxg4 45. Kg1 Kb7 46. Rf1
Nc7 47. Rf7 b5 48. Ne3 g3 49. hxg3 Rxd2 50. Rh7 Nbd5 51. N3c4 Nb4 52. Nxd2 Rxd2
53. Nd7 Kc6 54. Nxc5 Rd4 55. Rxc7+ Kd6 56. Rc8 Rc4 57. Nb7+ Kd5 58. Rxc4 Kxc4
59. Na5+ Kc5 60. g4 Nd5 61. g5 b4 62. g6 Kb5 63. Nb7 a5 64. g7 Ne7 65. Nd6+ Ka4
66. Rb1 Ka3 67. Ra1+ Kb2 68. Rxa5 b3 69. Rb5 Kc2 70. Nc4 Kc3 71. Na3 Kb2 72.
Rb7 Ng8 73. Rb8 1-0

[Event "25. Copenhagen Open  (Politiken Cup)"]
[Site "Copenhagen"]
[Date "2003.07.17"]
[Round "4"]
[White "Schuetzhold, Frank"]
[Black "Lahlum, Hans Olav"]
[Result "1/2-1/2"]
[WhiteElo "2063"]
[BlackElo "2202"]
[PlyCount "45"]
[EventDate "2003.07.14"]
[EventType "swiss"]
[EventRounds "11"]
[EventCountry "DEN"]
[SourceDate "2004.01.01"]

1. b3 d5 2. Bb2 c5 3. e3 a6 4. f4 Nc6 5. Nf3 f6 6. Be2 Nh6 7. O-O e6 8. d3 d4
9. exd4 cxd4 10. Nbd2 Nf5 11. Qc1 b5 12. a3 Bb7 13. Re1 Kf7 14. Ne4 Qb6 15.
Nfd2 Nce7 16. Bf3 Nd5 17. Nf1 Rc8 18. Neg3 Nxg3 19. hxg3 Bd6 20. Qd2 e5 21.
fxe5 Bxe5 22. Qf2 Kg8 23. c4 1/2-1/2

[Event "25. Copenhagen Open  (Politiken Cup)"]
[Site "Copenhagen"]
[Date "2003.07.17"]
[Round "4"]
[White "Semcesen, Daniel"]
[Black "Malmberg, Mio"]
[Result "0-1"]
[WhiteElo "2234"]
[BlackElo "2095"]
[PlyCount "70"]
[EventDate "2003.07.14"]
[EventType "swiss"]
[EventRounds "11"]
[EventCountry "DEN"]
[SourceDate "2004.01.01"]

1. e4 e6 2. Qe2 Be7 3. g3 d5 4. d3 Nf6 5. Bg2 c5 6. Nf3 Nc6 7. O-O O-O 8. e5
Nd7 9. c4 d4 10. h4 Rb8 11. Re1 h6 12. Nbd2 a6 13. Ne4 Ndxe5 14. Nxe5 Nxe5 15.
Bf4 f6 16. Bxe5 fxe5 17. Qh5 Rf5 18. Qg6 Qf8 19. Bh3 Rf3 20. Bxe6+ Kh8 21. Rad1
Bxe6 22. Qxe6 Bxh4 23. gxh4 Qf4 24. Re2 Rf8 25. Kg2 Rf5 26. Rdd2 Qg4+ 27. Ng3
Rxf2+ 28. Rxf2 Rxf2+ 29. Rxf2 Qxe6 30. Re2 b5 31. b3 bxc4 32. bxc4 Qg6 33. Re4
Qf6 34. Nh1 Qb6 35. Re2 Qc6+ 0-1

[Event "25. Copenhagen Open  (Politiken Cup)"]
[Site "Copenhagen"]
[Date "2003.07.17"]
[Round "4"]
[White "Simonsen, Hans Kristian"]
[Black "Bromann, Thorbjorn"]
[Result "1-0"]
[WhiteElo "2233"]
[BlackElo "2360"]
[PlyCount "61"]
[EventDate "2003.07.14"]
[EventType "swiss"]
[EventRounds "11"]
[EventCountry "DEN"]
[SourceDate "2004.01.01"]

1. e4 e6 2. d4 d5 3. Nc3 Nf6 4. e5 Nfd7 5. f4 c5 6. Nf3 Nc6 7. Be3 a6 8. Qd2 b5
9. g3 Be7 10. Bg2 b4 11. Ne2 a5 12. O-O O-O 13. Rad1 a4 14. dxc5 b3 15. c4 Ba6
16. axb3 Na5 17. cxd5 Nxb3 18. Qc2 Bxc5 19. Bxc5 Ndxc5 20. Ng5 g6 21. dxe6 Qb6
22. exf7+ Kh8 23. Rd6 Qa7 24. Kh1 Rac8 25. Qd1 h6 26. Nf3 Ne4 27. Rxg6 Rc1 28.
Rg8+ Kh7 29. Nxc1 Bxf1 30. Ng5+ Nxg5 31. Qc2+ 1-0

[Event "25. Copenhagen Open  (Politiken Cup)"]
[Site "Copenhagen"]
[Date "2003.07.17"]
[Round "4"]
[White "Skjoldan, Benjamin"]
[Black "Andersen, Kaare Vissing"]
[Result "0-1"]
[WhiteElo "2092"]
[BlackElo "2245"]
[PlyCount "98"]
[EventDate "2003.07.14"]
[EventType "swiss"]
[EventRounds "11"]
[EventCountry "DEN"]
[SourceDate "2004.01.01"]

1. d4 Nf6 2. c4 g6 3. g3 Bg7 4. Bg2 O-O 5. Nf3 d6 6. O-O c5 7. Nc3 Nc6 8. d5
Na5 9. Nd2 a6 10. e4 Rb8 11. Qe2 b5 12. cxb5 axb5 13. Nxb5 Ba6 14. a4 Bxb5 15.
axb5 Qb6 16. Re1 Nd7 17. Bf1 Ne5 18. f4 Nd3 19. Kh1 Nxe1 20. Qxe1 Ra8 21. Ra3
c4 22. b4 cxb3 23. Nxb3 Nxb3 24. Rxb3 Ra1 25. Bd3 Rc8 26. Bb1 Bd4 27. Kg2 Ra5
28. Bd3 Ra1 29. Bb1 Ra5 30. Bd3 Ra2+ 31. Kh1 Bf2 32. Qf1 Be3 33. Bb2 Rxb2 34.
Rxb2 Rc1 35. Rb1 Rxf1+ 36. Bxf1 Qd4 37. Bg2 Qd3 38. Re1 Qxb5 39. Rf1 Qe2 40.
Rb1 Kg7 41. Rf1 h5 42. Rb1 h4 43. gxh4 Qg4 44. e5 Bxf4 45. exd6 Qxh4 46. h3 Qg3
47. Kg1 Bxd6 48. Rd1 f5 49. h4 Bc5+ 0-1

[Event "25. Copenhagen Open  (Politiken Cup)"]
[Site "Copenhagen"]
[Date "2003.07.17"]
[Round "4"]
[White "Skytte, Rasmus"]
[Black "Unmack, Christian"]
[Result "1-0"]
[WhiteElo "2404"]
[BlackElo "2085"]
[PlyCount "31"]
[EventDate "2003.07.14"]
[EventType "swiss"]
[EventRounds "11"]
[EventCountry "DEN"]
[SourceDate "2004.01.01"]

1. e4 e5 2. Bc4 Nf6 3. d3 c6 4. Nf3 d5 5. Bb3 Bd6 6. Nc3 dxe4 7. Ng5 O-O 8.
Ncxe4 Nxe4 9. Nxe4 Be7 10. Qh5 Nd7 11. O-O Qe8 12. f4 b6 13. Kh1 g6 14. Qh6 Bd8
15. f5 Kh8 16. f6 1-0

[Event "25. Copenhagen Open  (Politiken Cup)"]
[Site "Copenhagen"]
[Date "2003.07.17"]
[Round "4"]
[White "Spanton, Timothy"]
[Black "Paaske, Asger"]
[Result "1/2-1/2"]
[WhiteElo "2021"]
[BlackElo "2162"]
[PlyCount "93"]
[EventDate "2003.07.14"]
[EventType "swiss"]
[EventRounds "11"]
[EventCountry "DEN"]
[SourceDate "2004.01.01"]

1. e4 c5 2. c4 Nc6 3. Ne2 e6 4. d4 cxd4 5. Nxd4 Nf6 6. Nc3 Bb4 7. Nxc6 bxc6 8.
Bd3 e5 9. O-O Bc5 10. Qe2 d6 11. Be3 Bxe3 12. Qxe3 O-O 13. Be2 Qb6 14. Qxb6
axb6 15. Rfd1 Rd8 16. Rd2 Ne8 17. Rad1 Kf8 18. g3 Ke7 19. b3 Nc7 20. Kg2 g6 21.
Na4 Rb8 22. c5 bxc5 23. Nxc5 Be6 24. Na6 Nxa6 25. Bxa6 f5 26. Bd3 d5 27. f3 Rd6
28. Kf2 fxe4 29. fxe4 Rbd8 30. Be2 g5 31. Bf3 d4 32. Rc1 Ra8 33. Rc5 Kf6 34.
Ke2 Bc8 35. Kf2 g4 36. Be2 h5 37. Bd3 Re6 38. Kg2 Bd7 39. Rf2+ Ke7 40. Bc4 Rf6
41. Rxe5+ Kd6 42. Rxf6+ Kxe5 43. Rf2 Kxe4 44. Re2+ Kf5 45. a4 c5 46. Bd3+ Kf6
47. Rf2+ 1/2-1/2

[Event "25. Copenhagen Open  (Politiken Cup)"]
[Site "Copenhagen"]
[Date "2003.07.17"]
[Round "4"]
[White "Stolberg-Rohr, Thomine"]
[Black "Werner, Gert"]
[Result "1-0"]
[WhiteElo "1773"]
[BlackElo "2140"]
[PlyCount "87"]
[EventDate "2003.07.14"]
[EventType "swiss"]
[EventRounds "11"]
[EventCountry "DEN"]
[SourceDate "2004.01.01"]

1. e4 g6 2. f4 d5 3. e5 h5 4. d4 c5 5. Nf3 Bg4 6. dxc5 Qa5+ 7. Bd2 Qxc5 8. h3
Bxf3 9. Qxf3 e6 10. c4 Nc6 11. Qb3 Nge7 12. Nc3 Qb4 {Diagram #} 13. Nxd5 Qxb3
14. Nf6+ Kd8 15. axb3 Nf5 16. Rd1 Kc7 17. Bc3 Bc5 18. Ne4 b6 19. g3 Rad8 20.
Rxd8 Rxd8 21. g4 Ne3 22. Ke2 Nc2 23. Kf3 N6d4+ 24. Kg3 Nxb3 25. Be2 Nbd4 26.
Rh2 Ne3 27. b4 Be7 28. Nd6 Nxe2+ 29. Rxe2 Nd1 30. Ba1 Bxd6 31. exd6+ Kxd6 32.
Rd2+ Ke7 33. Rxd8 Kxd8 34. Kf3 hxg4+ 35. hxg4 a5 36. b5 Ke7 37. Bd4 Kd6 38. Ke2
g5 39. Kxd1 gxf4 40. Bxb6 a4 41. Bd4 e5 42. Ba7 Kc7 43. Bg1 f3 44. Kc2 1-0

[Event "25. Copenhagen Open  (Politiken Cup)"]
[Site "Copenhagen"]
[Date "2003.07.17"]
[Round "4"]
[White "Struch, Thomas"]
[Black "Kaaber Hansen, Jacob"]
[Result "1/2-1/2"]
[WhiteElo "1600"]
[BlackElo "2032"]
[PlyCount "130"]
[EventDate "2003.07.14"]
[EventType "swiss"]
[EventRounds "11"]
[EventCountry "DEN"]
[SourceDate "2004.01.01"]

1. e4 c6 2. d4 d5 3. Nc3 dxe4 4. Nxe4 Bf5 5. Ng3 Bg6 6. h4 h6 7. Nf3 Nd7 8. h5
Bh7 9. Bd3 Bxd3 10. Qxd3 e6 11. Bf4 Bb4+ 12. c3 Be7 13. O-O-O Ngf6 14. Ne5 O-O
15. c4 Rc8 16. Kb1 c5 17. dxc5 Nxe5 18. Bxe5 Qxd3+ 19. Rxd3 Rxc5 20. Bxf6 Bxf6
21. b3 Rc7 22. Ne4 Be7 23. Rhd1 Rfc8 24. Nc3 a6 25. Ne4 Kf8 26. g4 Ke8 27. Nd6+
Bxd6 28. Rxd6 Ke7 29. Kb2 Kf6 30. Rd7 Kg5 31. Rxc7 Rxc7 32. Rd4 f5 33. f3 e5
34. Rd5 fxg4 35. fxg4 Re7 36. Rd1 Kxg4 37. Rh1 Kf3 38. Kc3 e4 39. Kd2 Rd7+ 40.
Ke1 Ke3 41. Rh3+ Kd4 42. Ke2 Ke5 43. Rg3 Kf4 44. Rg1 Re7 45. b4 Ke5 46. Ke3 Rc7
47. Rc1 Kf5 48. c5 Kg4 49. Rh1 Re7 50. Rh2 Kg5 51. Rh1 g6 52. hxg6 Kxg6 53. Rh4
Re6 54. Rxe4 Rxe4+ 55. Kxe4 Kf6 56. a4 Ke6 57. b5 Kd7 58. Kf5 a5 59. Kg6 Ke6
60. Kxh6 Kd5 61. c6 bxc6 62. bxc6 Kxc6 63. Kg5 Kc5 64. Kf4 Kb4 65. Ke3 Kc3
1/2-1/2

[Event "25. Copenhagen Open  (Politiken Cup)"]
[Site "Copenhagen"]
[Date "2003.07.17"]
[Round "4"]
[White "Thestrup, Sixten"]
[Black "Edvardsen, Ragnar"]
[Result "1/2-1/2"]
[WhiteElo "1704"]
[BlackElo "2092"]
[PlyCount "51"]
[EventDate "2003.07.14"]
[EventType "swiss"]
[EventRounds "11"]
[EventCountry "DEN"]
[SourceDate "2004.01.01"]

1. e4 c5 2. Nc3 Nc6 3. f4 d6 4. Nf3 g6 5. Bb5 Bg7 6. O-O e6 7. d4 cxd4 8. Nxd4
Nge7 9. Be3 O-O 10. Qd2 Qc7 11. Rad1 a6 12. Be2 d5 13. f5 Nxd4 14. Bxd4 f6 15.
fxg6 hxg6 16. exd5 exd5 17. Bf3 Be6 18. Qe3 Bf7 19. Qf2 Rac8 20. Rfe1 Rfe8 21.
Qh4 Nf5 22. Rxe8+ Rxe8 23. Nxd5 Nxh4 24. Nxc7 Nxf3+ 25. gxf3 Re2 26. Bc3
1/2-1/2

[Event "25. Copenhagen Open  (Politiken Cup)"]
[Site "Copenhagen"]
[Date "2003.07.17"]
[Round "4"]
[White "Tidman, Sophie E"]
[Black "Christoffersen, Ebbe"]
[Result "1/2-1/2"]
[WhiteElo "2126"]
[BlackElo "1737"]
[PlyCount "114"]
[EventDate "2003.07.14"]
[EventType "swiss"]
[EventRounds "11"]
[EventCountry "DEN"]
[SourceDate "2004.01.01"]

1. e4 d5 2. exd5 Qxd5 3. Nc3 Qa5 4. d4 Nf6 5. Bc4 c6 6. Nge2 Bf5 7. O-O e6 8.
Kh1 Bd6 9. Bf4 Bxf4 10. Nxf4 Qc7 11. Qd2 O-O 12. f3 Nd5 13. Ncxd5 exd5 14. Bd3
Bxd3 15. Nxd3 Nd7 16. Rae1 Rfe8 17. Re3 Rxe3 18. Qxe3 Kf8 19. Re1 Nf6 20. Ne5
Re8 21. g4 Qd8 22. Qf4 Re7 23. Qf5 Kg8 24. Re3 Nd7 25. Ra3 a6 26. f4 f6 27. Nf3
g6 28. Qd3 Re4 29. Qd2 Nb6 30. Qa5 Re8 31. Rb3 Nc4 32. Qxd8 Rxd8 33. Rxb7 Re8
34. b3 Ne3 35. g5 fxg5 36. Nxg5 Nxc2 37. Nxh7 Re1+ 38. Kg2 Nxd4 39. Nf6+ Kf8
40. Nd7+ Ke8 41. Ne5 Re2+ 42. Kg3 Nf5+ 43. Kg4 Rg2+ 44. Kf3 Rxh2 45. Nxc6 Rxa2
46. Nb4 Ra5 47. Rb6 Kf7 48. Nc6 Rb5 49. Ne5+ Ke8 50. Re6+ Kd8 51. Rxa6 Rxb3+
52. Ke2 Nd4+ 53. Kf2 Rb2+ 54. Ke3 Nf5+ 55. Kd3 Rb3+ 56. Kd2 Ne7 57. Ra7 Rb6
1/2-1/2

[Event "25. Copenhagen Open  (Politiken Cup)"]
[Site "Copenhagen"]
[Date "2003.07.17"]
[Round "4"]
[White "Trarup, Jorgen"]
[Black "Pedersen, Kenneth"]
[Result "0-1"]
[WhiteElo "1360"]
[BlackElo "1728"]
[PlyCount "66"]
[EventDate "2003.07.14"]
[EventType "swiss"]
[EventRounds "11"]
[EventCountry "DEN"]
[SourceDate "2004.01.01"]

1. e4 c5 2. Nf3 d6 3. Bb5+ Bd7 4. Bxd7+ Nxd7 5. O-O e5 6. Nc3 g6 7. Nd5 Ngf6 8.
Nxf6+ Nxf6 9. d3 Bg7 10. c3 O-O 11. Qb3 Qb6 12. Re1 Qxb3 13. axb3 Nd7 14. Be3
f5 15. Bg5 Nf6 16. exf5 gxf5 17. d4 e4 18. Nh4 Nd7 19. Be7 Rf7 20. Bxd6 cxd4
21. cxd4 Bxd4 22. Ba3 Ne5 23. Rad1 Nd3 24. Re2 Rd8 25. g3 a5 26. Kf1 b5 27. Be7
Rxe7 28. Rxd3 exd3 29. Rxe7 d2 30. Ke2 Bf6 31. Re8+ Rxe8+ 32. Kxd2 Bxh4 33.
gxh4 Re4 0-1

[Event "25. Copenhagen Open  (Politiken Cup)"]
[Site "Copenhagen"]
[Date "2003.07.17"]
[Round "4"]
[White "Vik Hansen, Rune"]
[Black "Lappage, Jonathan"]
[Result "0-1"]
[WhiteElo "1787"]
[BlackElo "2208"]
[PlyCount "116"]
[EventDate "2003.07.14"]
[EventType "swiss"]
[EventRounds "11"]
[EventCountry "DEN"]
[SourceDate "2004.01.01"]

1. e4 c5 2. Nf3 d6 3. d4 cxd4 4. Nxd4 Nf6 5. Nc3 a6 6. Bg5 e6 7. f4 Bd7 8. Qd2
h6 9. Bxf6 Qxf6 10. O-O-O Qd8 11. Be2 Nc6 12. Nb3 Be7 13. Kb1 Qb6 14. Rhf1
O-O-O 15. Bf3 Kb8 16. Rfe1 Na5 17. Nxa5 Qxa5 18. Qe3 Rc8 19. Rd3 Rc7 20. Nd1
Rhc8 21. Rc3 g5 22. g3 Rxc3 23. Nxc3 b5 24. Rd1 Bc6 25. Ne2 Bb7 26. Bh5 Qa4 27.
Nc3 Qc4 28. Be2 Qc7 29. Bd3 Bf6 30. Ne2 b4 31. Nc1 a5 32. Ne2 a4 33. Rc1 gxf4
34. gxf4 e5 35. Rf1 a3 36. b3 exf4 37. Qxf4 Bg5 38. Qg3 Re8 39. h4 Bd2 40. Rd1
Bc3 41. Qf4 Be5 42. Qxh6 Rg8 43. Qd2 Qc5 44. h5 Rg2 45. h6 Bh8 46. Bc4 Kc7 47.
Qf4 Rf2 48. Qg4 Rxe2 49. Bxe2 Qe5 50. Kc1 Bxe4 51. Bd3 Bf6 52. Rg1 Bxd3 53.
cxd3 Qc3+ 54. Kd1 Qxd3+ 55. Ke1 Bc3+ 56. Kf2 Bd4+ 57. Ke1 Qe3+ 58. Kf1 Qf2# 0-1

[Event "25. Copenhagen Open  (Politiken Cup)"]
[Site "Copenhagen"]
[Date "2003.07.17"]
[Round "4"]
[White "Ward, Christopher"]
[Black "Carstensen, Jacob"]
[Result "1-0"]
[WhiteElo "2531"]
[BlackElo "2275"]
[PlyCount "35"]
[EventDate "2003.07.14"]
[EventType "swiss"]
[EventRounds "11"]
[EventCountry "DEN"]
[SourceDate "2004.01.01"]

1. d4 d5 2. Nf3 Nf6 3. c4 dxc4 4. Nc3 e6 5. e3 c5 6. Bxc4 a6 7. a3 Nc6 8. O-O
Be7 9. dxc5 Qxd1 10. Rxd1 Bxc5 11. b4 Be7 12. Bb2 O-O 13. Rac1 b5 14. Bd3 Bb7
15. Ne4 Rfd8 16. Nc5 Bxc5 17. Rxc5 Rd6 18. Bxh7+ 1-0

[Event "25. Copenhagen Open  (Politiken Cup)"]
[Site "Copenhagen"]
[Date "2003.07.17"]
[Round "4"]
[White "Wilsbeck, Jan Borge"]
[Black "Nilsson, Nils Specht"]
[Result "1-0"]
[WhiteElo "1975"]
[BlackElo "2149"]
[PlyCount "147"]
[EventDate "2003.07.14"]
[EventType "swiss"]
[EventRounds "11"]
[EventCountry "DEN"]
[SourceDate "2004.01.01"]

1. e4 c5 2. Nf3 e6 3. d4 cxd4 4. Nxd4 Nf6 5. Nc3 Nc6 6. Ndb5 d6 7. Be3 a6 8.
Nd4 Be7 9. f3 O-O 10. Qd2 e5 11. Nb3 Be6 12. Nd5 Bxd5 13. exd5 Nb8 14. g4 a5
15. a4 Nbd7 16. Bb5 Ne8 17. O-O-O Nc7 18. Bf1 b6 19. h4 Na6 20. Kb1 Ndc5 21.
Nxc5 Nxc5 22. Bb5 f5 23. gxf5 Rxf5 24. Qg2 Kh8 25. h5 Bg5 26. h6 gxh6 27. Qh3
Qf8 28. Bxg5 Rxg5 29. Qxh6 Qxh6 30. Rxh6 Rg6 31. Rdh1 Rxh6 32. Rxh6 Rd8 33. c3
Kg7 34. Rh4 Rf8 35. b4 Nb7 36. Bd3 Rxf3 37. Rxh7+ Kf6 38. Kc2 Nd8 39. bxa5 bxa5
40. Rd7 Nf7 41. Ra7 Ng5 42. Rxa5 e4 43. Be2 Rf2 44. Kd2 Ke5 45. Rb5 Kf4 46. Rb8
Nf3+ 47. Kd1 Ke3 48. Bb5 Ra2 49. Kc1 Nd2 50. Rf8 Nb3+ 51. Kb1 Rh2 52. Re8 Nd2+
53. Ka2 Kf4 54. Ka3 e3 55. a5 Ne4 56. a6 Nxc3 57. Bc4 Rh7 58. Kb4 Ne4 59. Kb5
Nc5 60. Kb6 Kf3 61. Bb5 Kf2 62. Rc8 e2 63. Rf8+ Ke3 64. Re8+ Kd4 65. Rxe2 Kxd5
66. Bc6+ Kc4 67. a7 Rxa7 68. Kxa7 d5 69. Kb6 Nb3 70. Bb5+ Kb4 71. Re3 Nd2 72.
Rd3 Nc4+ 73. Ka6 Nb6 74. Kxb6 1-0

[Event "25. Copenhagen Open  (Politiken Cup)"]
[Site "Copenhagen"]
[Date "2003.07.17"]
[Round "4"]
[White "Ostergaard, Rasmus"]
[Black "Udmark, Jonas"]
[Result "1/2-1/2"]
[WhiteElo "2166"]
[BlackElo "1964"]
[PlyCount "50"]
[EventDate "2003.07.14"]
[EventType "swiss"]
[EventRounds "11"]
[EventCountry "DEN"]
[SourceDate "2004.01.01"]

1. d4 d5 2. c4 c6 3. Nf3 a6 4. Qc2 Nf6 5. Bf4 Bg4 6. Nbd2 e6 7. e3 Bf5 8. Bd3
Bxd3 9. Qxd3 Nbd7 10. O-O Be7 11. Rfd1 O-O 12. e4 dxe4 13. Nxe4 Nxe4 14. Qxe4
Nf6 15. Qe2 Bd6 16. Bg5 Be7 17. Ne5 Rc8 18. Rd3 Nd7 19. Nxd7 Qxd7 20. Bxe7 Qxe7
21. d5 cxd5 22. cxd5 Rfd8 23. Rad1 Rd6 24. h3 h6 25. Qe4 Re8 1/2-1/2

[Event "25. Copenhagen Open  (Politiken Cup)"]
[Site "Copenhagen"]
[Date "2003.07.18"]
[Round "5"]
[White "Abrahamsson, Daniel"]
[Black "Lonborg, Morten"]
[Result "0-1"]
[WhiteElo "1671"]
[BlackElo "2185"]
[PlyCount "81"]
[EventDate "2003.07.14"]
[EventType "swiss"]
[EventRounds "11"]
[EventCountry "DEN"]
[SourceDate "2004.01.01"]

1. e4 Nc6 2. Nf3 e5 3. Nc3 Nf6 4. d4 exd4 5. Nxd4 Bb4 6. Nxc6 bxc6 7. Bd3 h6 8.
O-O O-O 9. e5 Bxc3 10. bxc3 Nh7 11. Qh5 Qe7 12. Re1 Re8 13. Bxh6 gxh6 14. Qxh6
f5 15. Bxf5 Rf8 16. Re3 Rf7 17. Rae1 Kh8 18. Bxh7 Rxh7 19. Qf6+ Qxf6 20. exf6
Rf7 21. Rf3 Ba6 22. g4 Rg8 23. Re4 Rg6 24. Ref4 Be2 25. Rh3+ Kg8 26. g5 Rxg5+
27. Rg3 Rxg3+ 28. fxg3 Kh7 29. Kf2 Bb5 30. a4 Ba6 31. Ke3 Kg6 32. h4 Rxf6 33.
h5+ Kg5 34. Re4 Re6 35. Rxe6 dxe6 36. g4 Bc4 37. Kf3 Bd5+ 38. Ke3 e5 39. c4 Bg2
40. Kf2 Be4 41. c3 0-1

[Event "25. Copenhagen Open  (Politiken Cup)"]
[Site "Copenhagen"]
[Date "2003.07.18"]
[Round "5"]
[White "Andersen, Erik Rune Egede"]
[Black "Schmidt, Horst Hubert"]
[Result "1-0"]
[WhiteElo "2109"]
[BlackElo "1870"]
[PlyCount "90"]
[EventDate "2003.07.14"]
[EventType "swiss"]
[EventRounds "11"]
[EventCountry "DEN"]
[SourceDate "2004.01.01"]

1. d4 Nf6 2. Nf3 e6 3. e3 c5 4. Be2 d5 5. b3 Nbd7 6. O-O a6 7. c4 Be7 8. Bb2
O-O 9. Nc3 dxc4 10. bxc4 Qc7 11. a4 Rd8 12. Qc2 cxd4 13. exd4 b6 14. Rfd1 Bb7
15. Rac1 Rac8 16. Qb3 Bxf3 17. Bxf3 Qxc4 18. Qxc4 Rxc4 19. Be2 Rcc8 20. Bxa6
Ra8 21. Bb7 Ra7 22. Bc6 Nf8 23. Kf1 Bb4 24. Nb5 Re7 25. Rc4 Rc8 26. f3 N8d7 27.
Rdc1 Bd2 28. R1c2 Bf4 29. g3 Bb8 30. Bxd7 Rd8 31. Bc6 e5 32. Ba3 Re6 33. d5
Rxc6 34. Rxc6 h5 35. Rc8 Rxc8 36. Rxc8+ Kh7 37. Rxb8 Nxd5 38. Kf2 f5 39. Re8 e4
40. fxe4 fxe4 41. Rxe4 Nf6 42. Kf3 g5 43. Re7+ Kg6 44. Re6 Kf7 45. Rxf6+ Kxf6
1-0

[Event "25. Copenhagen Open  (Politiken Cup)"]
[Site "Copenhagen"]
[Date "2003.07.18"]
[Round "5"]
[White "Andersen, Kaare Vissing"]
[Black "Nyysti, Sampsa"]
[Result "1/2-1/2"]
[WhiteElo "2245"]
[BlackElo "2399"]
[PlyCount "81"]
[EventDate "2003.07.14"]
[EventType "swiss"]
[EventRounds "11"]
[EventCountry "DEN"]
[SourceDate "2004.01.01"]

1. e4 e5 2. Nf3 Nc6 3. Bb5 a6 4. Ba4 Nf6 5. Qe2 Be7 6. O-O b5 7. Bb3 d6 8. a4
Rb8 9. axb5 axb5 10. c3 Bg4 11. h3 Bh5 12. d3 Qd7 13. Rd1 O-O 14. Bg5 h6 15.
Bxf6 Bxf6 16. g4 Bg6 17. Nbd2 Bh7 18. Nf1 Ne7 19. Ng3 Ng6 20. Nh5 Qe7 21. Qe3
Nf4 22. Nxf4 exf4 23. Qxf4 b4 24. Nd4 bxc3 25. Nc6 Qd7 26. Nxb8 Rxb8 27. Ba4
cxb2 28. Bxd7 bxa1=Q 29. Rxa1 Bxa1 30. Qc1 Be5 31. Qxc7 Rb1+ 32. Kg2 g5 33. Qc4
Rb2 34. Bf5 Bxf5 35. exf5 Kg7 36. Kf3 Rb1 37. Kg2 Rd1 38. Qc2 Ra1 39. Qc4 Rd1
40. Qc2 Ra1 41. Qc4 1/2-1/2

[Event "25. Copenhagen Open  (Politiken Cup)"]
[Site "Copenhagen"]
[Date "2003.07.18"]
[Round "5"]
[White "Andreasen, Jakup a Rogvi"]
[Black "Busk, Casper"]
[Result "1/2-1/2"]
[WhiteElo "1784"]
[BlackElo "2126"]
[PlyCount "96"]
[EventDate "2003.07.14"]
[EventType "swiss"]
[EventRounds "11"]
[EventCountry "DEN"]
[SourceDate "2004.01.01"]

1. e4 c5 2. d3 g6 3. Nc3 Bg7 4. Be3 d6 5. f4 Nc6 6. Nf3 e6 7. Qd2 Nge7 8. Be2
b5 9. Nxb5 Rb8 10. c4 a6 11. Nc3 Qa5 12. O-O f5 13. Rab1 O-O 14. a3 Nd4 15.
Rfd1 Rb3 16. Bxd4 cxd4 17. Nd5 Qd8 18. Nxe7+ Qxe7 19. Qc2 Qb7 20. e5 dxe5 21.
fxe5 Rd8 22. Re1 Bd7 23. Bd1 Rb6 24. c5 Rc6 25. Nxd4 Rc7 26. Bf3 Qa7 27. b4 a5
28. Qc4 Kf7 29. Nb5 Bxb5 30. Qxb5 axb4 31. axb4 Rcd7 32. Ra1 Qc7 33. Ra6 Bxe5
34. Rc6 Bxh2+ 35. Kf1 Qf4 36. Qc4 Rxd3 37. Qxf4 Bxf4 38. Rcxe6 Bg3 39. Re7+ Kf8
40. Rxh7 Bxe1 41. Kxe1 Re8+ 42. Kf2 Rb3 43. Rb7 Re7 44. Rb8+ Kg7 45. c6 g5 46.
b5 g4 47. b6 gxf3 48. gxf3 Ree3 1/2-1/2

[Event "25. Copenhagen Open  (Politiken Cup)"]
[Site "Copenhagen"]
[Date "2003.07.18"]
[Round "5"]
[White "Auchenberg, Per"]
[Black "Naes, Flovin Tor"]
[Result "0-1"]
[WhiteElo "2075"]
[BlackElo "2330"]
[PlyCount "84"]
[EventDate "2003.07.14"]
[EventType "swiss"]
[EventRounds "11"]
[EventCountry "DEN"]
[SourceDate "2004.01.01"]

1. f4 d5 2. b3 Nf6 3. Bb2 g6 4. Nf3 Bg7 5. c4 O-O 6. e3 c5 7. cxd5 Nxd5 8. Bxg7
Kxg7 9. Qc1 b6 10. Na3 Bf5 11. Be2 Nc6 12. O-O Qc7 13. Nb5 Qd7 14. h3 Nf6 15.
Na3 Rad8 16. Bb5 Qb7 17. d4 Nb4 18. dxc5 a6 19. c6 Qc7 20. Be2 b5 21. Ne5 Ne4
22. Bg4 f6 23. Bxf5 gxf5 24. Nf3 Ng3 25. Re1 Nd3 26. Qc2 Nxe1 27. Rxe1 e5 28.
fxe5 fxe5 29. Ng5 Qe7 30. h4 h6 31. c7 Rc8 32. Qf2 hxg5 33. Qxg3 g4 34. Nc2
Rxc7 35. Re2 Rc3 36. Ne1 Kh6 37. Qf2 Qb4 38. g3 Qe4 39. Kh2 Rfc8 40. Ng2 Rc2
41. Ne1 Rxe2 42. Qxe2 Rc3 0-1

[Event "25. Copenhagen Open  (Politiken Cup)"]
[Site "Copenhagen"]
[Date "2003.07.18"]
[Round "5"]
[White "Baark, Mathias"]
[Black "Nielsen, Erik"]
[Result "1-0"]
[WhiteElo "1800"]
[BlackElo "1389"]
[PlyCount "89"]
[EventDate "2003.07.14"]
[EventType "swiss"]
[EventRounds "11"]
[EventCountry "DEN"]
[SourceDate "2004.01.01"]

1. f4 d5 2. Nf3 c5 3. g3 Nc6 4. Bg2 Bg4 5. d3 Nf6 6. O-O e6 7. c3 Be7 8. Qe1
O-O 9. e4 dxe4 10. dxe4 Bxf3 11. Bxf3 e5 12. f5 h6 13. Na3 a6 14. Be3 Qc7 15.
Qf2 b6 16. Nc2 Rad8 17. g4 Nh7 18. h4 Rd6 19. Qg3 Qd8 20. Bf2 Rd2 21. Ne3 Rxb2
22. Rfd1 Rd2 23. Nd5 Rxd1+ 24. Rxd1 Bf6 25. Be2 a5 26. Rb1 Ne7 27. Nxb6 Qd2 28.
Bc4 Rd8 29. Nd5 Qc2 30. Re1 Qa4 31. Bb3 Qc6 32. Qd3 Nxd5 33. Bxd5 Qc7 34. Qc4
Rc8 35. Rb1 Nf8 36. Rb7 Qd8 37. Rxf7 Kh8 38. g5 hxg5 39. h5 Nd7 40. Be6 Nb6 41.
Qe2 Rc7 42. Rxc7 Qxc7 43. Qb5 Na8 44. Qe8+ Kh7 45. Qg8+ 1-0